000
00396nam a22001217a 4500
005
20251108173714.0
008
250721s2006 xx 000 0 ara d
100
1
_a
جعفر, حسان عدنان
245
1
0
_a
مدخل الى الطب البديل العودة الى الطبيعة /
264
1
_a
بيروت :
_b
دار ومكتبة الهلال،
_c
2006.
942
_2
ddc
_c
BK
999
_c
110411
_d
110411